| 000 | 01620cam a22004577a 4500 | ||
|---|---|---|---|
| 003 | CHAP | ||
| 005 | 20220817043453.0 | ||
| 008 | 980910d1996 it r 11 fr d | ||
| 010 | _a76155 | ||
| 011 | _a77127 | ||
| 020 | _a9252037662 | ||
| 035 | _a86729 | ||
| 040 | _cCHAP | ||
| 082 | 0 | 4 |
_a614.3 _bC66f 1995 v.1B |
| 110 | 2 |
_aFAO. Comisión del Codex Alimentarius _939482 |
|
| 245 | 1 | 0 |
_aCodex alimentarius : _bdispositions générales (higiène alimentaire) _c/par Commission du Codex Alimentarius |
| 250 | _a2 ed. rev. | ||
| 260 |
_aRome : _bFAO, _c1996. |
||
| 300 | _a233 p. | ||
| 410 | 2 | _aFAO | |
| 490 | 0 |
_aPrograma conjunto FAO/OMS sobre normas alimentarias _v; 1B |
|
| 500 | _aSup. Dispositions générales (hygiène alimentaire). Rome : FAO, 1997. 63 p. | ||
| 590 |
_aBATCH-UPD _b10 _c20130110 _lUCH01 _h0731 |
||
| 590 |
_aBATCH-UPD _b10 _c20130410 _lUCH01 _h0414 |
||
| 590 |
_aBATCH-UPD _b10 _c20130913 _lUCH01 _h2013 |
||
| 590 |
_aCONVERSION _b10 _c20130109 _lUCH01 _h1342 |
||
| 650 | 1 | 4 |
_aAditivos alimenticios. _9907 |
| 650 | 1 | 4 |
_aAlimentos _xAcidez. _94160 |
| 650 | 1 | 4 |
_aAlimentos _xEmpaque. _94216 |
| 650 | 1 | 4 |
_aAlimentos _xHigiene. _94224 |
| 650 | 1 | 4 |
_aEspecias. _937785 |
| 650 | 1 | 4 |
_aPlantas aromáticas. _988900 |
| 710 | 0 | _aFAO. | |
| 810 | 0 | _aFAO | |
| 830 | 0 |
_aPrograma conjunto FAO/OMS sobre normas alimentarias _v; 1B _992254 |
|
| 901 | _aBK | ||
| 905 | _aLilia Sánchez G. | ||
| 942 | _cLIBRO | ||
| 949 |
_a614.3 C66f 1995 v.1B _bBC _cFAO _d33724000700274 _eFAO1 _fSup. _h94124 _i86729 _kDonaciØn _sb |
||
| 949 |
_a614.3 C66f 1995 v.1B _bBC _cFAO _d33724000700282 _eFAO1 _h94123 _i86729 _kDonaciØn _sb |
||
| 999 |
_c76155 _d76155 |
||